Name the Rock Band from the songs - Statistics

General Stats
  • This quiz has been taken 33 times
  • The average score is 7 of 20
Answer Stats
Hint Answer % Correct
Take Me To Church, Too Sweet Hozier
69%
Centuries, Dance Dance Fallout Boy
55%
Helena, Teenagers My Chemical Romance
48%
Ain't It Fun, Still Into You Paramore
48%
Burnout, Jesus of Suburbia Green Day
45%
Use Somebody, Pyro Kings of Leon
45%
Ain't No Rest For The Wicked,Come A Little Closer Cage The Elephant
38%
Elephant, The Less I Know The Better Tame Impala
38%
Faint, Emptiness Machine Linkin Park
34%
Fat Lip, Still Waiting Sum 41
34%
Bliss, Hysteria Muse
31%
When We Were Young, Human The Killers
31%
Nightmare, Hail To The King Avenged Sevenfold
28%
Someday, The Adults Are Talking The Strokes
28%
Way Down We Go, No Good Kaleo
24%
Lonely Boy, Gold on the Ceiling The Black Keys
24%
Throne, Can You Feel My Heart? Bring Me The Horizon
17%
Little Sister, I Sat By The Ocean Queens Of The Stone Age
14%
Help Is On The Way, Savior Rise Against
14%
Crying Lightning, Kneesocks Arctic monkeys
10%
No matching quizzes found
Score Distribution
Percent of People with Each Score
Percentile by Number Answered
Your Score History
You have not taken this quiz